Statistics for Countries along Americas coastline

Click here to take the quiz!

General Stats

  • This quiz has been taken 452 times
    (427 since last reset)
  • The average score is 28 of 31

Answer Stats

HintAnswer% Correct
Canada
100%
Mexico
97%
USA
96%
Belize
93%
Panama
92%
Guatemala
91%
Honduras
91%
Nicaragua
91%
Costa Rica
91%
Guyana
90%
Ecuador
89%
Peru
89%
Chile
89%
Argentina
89%
Uruguay
89%
Brazil
89%
Suriname
89%
Venezuela
89%
Colombia
89%
France
88%
Colombia
86%
Panama
86%
Costa Rica
86%
Nicaragua
85%
Honduras
85%
El Salvador
85%
Mexico
85%
USA
85%
Canada
85%
Guatemala
83%
USA
83%

Score Distribution

Percentile by Number Answered

Percent of People with Each Score

Your Score History

You have not taken this quiz since the last reset